Statistiques concernant Top 15 des villes les plus peuplées de Centre-Val-de-Loire

Cliquez ici pour prendre le quiz!

Statistiques générales

  • Ce quiz a été pris 73 fois
  • Le résultat moyen est 9 sur 15

Statistiques - réponses

PopulationsVilles% Correct
116 617Orléans
100%
137 658Tours
98%
46 813Blois
89%
63 702Bourges
87%
42 968Chateauroux
84%
38 447Chartres
81%
25 348Vierzon
58%
30 879Dreux
56%
38 183Joué-lès-Tours
53%
18 115Romorantin-Lanthenay
44%
22 855Olivet
29%
21 438Fleury-les-Aubrais
23%
21 700Saint-Jean-de-Braye
23%
16 679Saran
21%
17 004Saint-Cyr-sur-Loire
18%

Distribution des résultats

Percentile par nombre de réponses

% des personnes avec chaque résultat

Votre développement - résultats

Vous n’avez pas pris ce quiz